| 000 | 00434nam a2200157Ia 4500 | ||
|---|---|---|---|
| 008 | 210210b2002 xxu||||| |||| 00| 0 eng d | ||
| 020 | _a81 203 2235 5 | ||
| 082 | _a001.424 TAHO | ||
| 100 | _aTAHA (Hamdy A). | ||
| 245 | _aOperations research: an introduction. Ed 7. | ||
| 250 | _a | ||
| 260 |
_aNew Delhi. _bPrentice-Hall of India Private Limited _c2002 |
||
| 300 | _axvii,830 | ||
| 690 | _aOperations Research | ||
| 906 | _a058080 | ||
| 999 |
_c105398 _d105398 |
||